[Event "Barcelona Ponce Memorial 3rd"]
[Site "Barcelona"]
[Date "2018.04.07"]
[Round "1"]
[White "Lopez Cortes, Aitor Jose"]
[Black "Lopez Baena, David"]
[Result "1/2-1/2"]
[WhiteElo "1590"]
[BlackElo "2018"]
[PlyCount "146"]
[EventDate "2018.04.07"]
[EventType "swiss"]
[EventRounds "9"]
[EventCountry "ESP"]
[SourceTitle "CBM 184 Extra"]
[Source "ChessBase"]
[SourceDate "2018.06.28"]
[SourceVersion "1"]
[SourceVersionDate "2018.06.28"]
[SourceQuality "1"]

1. e4 d6 2. Nf3 Nf6 3. Nc3 e5 4. d3 Be7 5. Be2 h6 6. Be3 c5 7. Qd2 Be6 8. a3 Nc6 9. 0-0 Ng4 10. h3 Nxe3 11. fxe3 0-0 12. d4 cxd4 13. exd4 exd4 14. Nxd4 Qb6 15. Rad1 Bf6 16. Rxf6 gxf6 17. Kh1 Qxd4 18. Qxd4 Nxd4 19. Rxd4 Rfd8 20. Nb5 d5 21. exd5 Bxd5 22. c3 Be6 23. Kg1 a6 24. Rxd8+ Rxd8 25. Nd4 Kg7 26. Kf2 f5 27. Ke3 Kf6 28. Kf4 a5 29. h4 b6 30. g3 Rd5 31. Bd3 Re5 32. Nf3 Rc5 33. Nd4 Bd7 34. c4 a4 35. Nf3 Be6 36. Nd2 Bd7 37. Nf3 b5 38. Nd2 bxc4 39. Nxc4 Bb5 40. Nb6 Ke6 41. Bxb5 Rxb5 42. Nxa4 Rd5 43. Nc3 Rd4+ 44. Ke3 Ke5 45. Kf3 Rd2 46. Na4 h5 47. Ke3 Rg2 48. Kf3 Rc2 49. Ke3 f6 50. Kf3 Kd4 51. b4 Ra2 52. Nc5 Rxa3+ 53. Kf4 Kc4 54. Kxf5 Kxb4 55. Ne4 Rf3+ 56. Kg6 f5 57. Nf6 Rxg3+ 58. Kxf5 Rh3 59. Kg5 Kc4 60. Nxh5 Kd4 61. Ng7 Ke5 62. Nh5 Rh1 63. Ng7 Rg1+ 64. Kh6 Kf6 65. h5 Re1 66. Kh7 Re7 67. h6 Re5 68. Ne8+ Kf7 69. Nd6+ Kf8 70. Kh8 Re6 71. h7 Ke7 72. Kg7 Re1 73. h8Q Rg1+ 1/2-1/2